000 01784nam a2200421 i 4500
001 8178
003 KOSZ 005
005 20230221122657.0
008 081027s1955 pl a f 000 0 pol
015 _aPB 1956/300
040 _aWA N
_cWA N
_dKOSZ 005/RW
_dKOSZ 005/HR
041 1 _apol
_hrus
046 _k1955
080 _a551.4
100 1 _aPriklonskij, Viktor Aleksandrovič
_d(1899-1959)
_eAutor
245 1 0 _aWłasności fizyczne i skład chemiczny wód podziemnych /
_cW. A. Prikłoński i F. F. Łaptiew ; [tł. z jęz. ros. Władysław Downarowicz].
246 1 _iTyt. oryg.:
_aRukovodstvo po izučeniû fizičeskih svojstv i himičeskogo sostava podzemnyh vod.
246 1 3 _aFizičeskie svojstva i himičeskij sostav podzemnyh vod.
260 _aWarszawa :
_bWydawnictwa Geologiczne,
_c1955.
300 _a243, [1] s., [1] k. tabl. :
_bil., err. ;
_c20 cm.
336 _2rdacontent
_aTekst
_btxt
337 _2rdamedia
_aBez urządzenia pośredniczącego
_bn
338 _2rdacarrier
_aWolumin
_bnc
380 _aKsiążki
388 _a1901-2000
388 _a1945-1989
490 1 _aBiblioteka Zawodowa Geologa. Metody Pracy ;
_v26
504 _aBibliogr. s. 228-[233].
521 8 _aDla pracowników grup geologicznych, hydrogeologicznych i geologiczno-inżynieryjnych i innych specjalistów.
650 4 _aWody podziemne
658 _aGeografia i nauki o Ziemi
700 1 _aLaptev, Fëdor Fëdorovič
_eAutor
700 1 _aDownarowicz, Władysław
_eTłumaczenie
710 2 _aWydawnictwa Geologiczne
_4pbl.
830 0 _aBiblioteka Zawodowa Geologa.
_pMetody Pracy
_v26
856 _uhttp://koha.tu.koszalin.pl/cgi-bin/koha/opac-detail.pl?biblionumber=8178
_yKatalog online BPK
942 _2UKD
_cKS
999 _c8178
_d8178